Score 0/24 Timer 04:00
0 Plays Today
Hint Answer % Correct
Z (Greek)Zeus
90.6%
P (Greek)Pegasus
87.8%
T (Norse)Thor
85.2%
R (Egyptian)Ra
84%
O (Norse)Odin
82%
M (Greek)Minotaur
81.4%
L (Norse)Loki
81.3%
N (Roman)Neptune
76.5%
A (Egyptian)Anubis
70.8%
V (Hindu)Vishnu
69.4%
I (Egyptian)Isis
69.4%
D (Greek)Dionysus
68.7%
Hint Answer % Correct
J (Roman)Juno
65.3%
E (Greek)Eros
64.7%
C (Greek)Chimera
57.1%
F (Roman)Faun
54%
G (Hindu)Ganesha
52.5%
U (Greek)Uranus
47.3%
H (Roman)Hippogriff
47.1%
K (Germanic)Krampus
39.6%
B (Norse)Bifrost
34.1%
Q (Aztec)Quetzalcóatl
33.6%
Y (Norse)Yggdrasil
30.6%
S (Norse)Sleipnir
18.7%

You're not logged in!

Compare scores with friends on all Sporcle quizzes.
OR
Log In

Sporcle TV

Today on Sporcle TV


Watch our educational content, quiz creation guides, and fun videos on Sporcle TV.

Show Comments

Extras

Top Quizzes Today


Score Distribution

Paid Content

Your Account Isn't Verified!

In order to create a playlist on Sporcle, you need to verify the email address you used during registration. Go to your Sporcle Settings to finish the process.

Report this User

Report this user for behavior that violates our Community Guidelines.

Details: